| 000 | 00404 a2200121 4500 | ||
|---|---|---|---|
| 001 | 61725 | ||
| 082 | _a621.3192 SAR | ||
| 090 |
_c37142 _d37142 |
||
| 100 | _asardar Ahmad Ashraf | ||
| 245 | _aStudy of VSAT system used worldwide MCPC, SCPC- DAMA and TDM_ TDMA type to suggest the most suitable for pakistan | ||
| 260 |
_aRisalpur _bAvionics Engg Dept, CAE NUST, Risalpur _c2000 |
||
| 500 | _aMS thesis | ||
| 942 |
_aNUST-CAE _k621.3192 SAR |
||
| 999 |
_c296798 _d296798 |
||